000 00276nam a2200121Ia 4500
100 _aScott/G.M
942 _cBK
654 _amanagement
245 _aPrinciples Of management Information System
260 _bMcGraw Hill
_aNew York
_c1986
300 _a618
546 _aENGLISH
999 _c23425
_d23425